| 000 | 01028cab a2200265 4500 | ||
|---|---|---|---|
| 001 | E2711 | ||
| 008 | 090401t1995 xxu||||| |||| 00| 0 eng d | ||
| 035 | _a(Sirsi) u40599 | ||
| 041 | _aeng | ||
| 245 | _aCayzer and Hamilton (No.1) | ||
| 260 | _c1995 | ||
| 300 | _a12p. | ||
| 350 | _a0 | ||
| 490 |
_aSLC _v1996 R 1-12(12) |
||
| 520 | _aFull Court. Lord Philip, D D McDiarmid, J Kinloch) Application Tayside RN 66 - Order of 1 February 1994) Agricultural holding - notice to remedy - notice to quit - joint application by landlord and tenant - validity of the notice to remedy - whether the rule as to inadmissability of extrinsic evidence for the explanation of writings applied to a notice to remedy. | ||
| 650 | _aAGRICULTURAL HOLDINGS (SCOTLAND) ACT 1991 | ||
| 650 | _aAGRICULTURAL HOLDINGS | ||
| 650 | _aNOTICE TO QUIT | ||
| 650 | _aNOTICE TO REMEDY | ||
| 650 | _aSCOTTISH LAND COURT | ||
| 650 | _aSLC | ||
| 690 | _aLANDLORD AND TENANT-CASE LAW-AGRICULTURAL TENANCIES | ||
| 942 | _n0 | ||
| 948 | _c04/03/1997 | ||
| 999 |
_c26012 _d26012 |
||